| 000 | 01787nam a2200493 c 4500 | ||
|---|---|---|---|
| 001 | 52585 | ||
| 003 | ES-MaCES | ||
| 005 | 20250203134105.0 | ||
| 007 | cr ||||||||||| | ||
| 008 | 221130s2022 sp 000 ||spa d | ||
| 017 |
_aNA 41-2022 _bDL |
||
| 020 | _a9788413913148 | ||
| 020 | _a9788413913162 (electrónico) | ||
| 040 |
_aES-MaCES _bspa _cES-MaCES |
||
| 100 | 1 |
_938313 _aMorales Vállez, Concepción |
|
| 245 | 1 | 0 |
_aJubilación forzosa y negociación colectiva _cConcepción Morales Vállez ; pr., Antonio V. Sempere Navarro, María Begoña García Gil |
| 250 | _a1ª ed | ||
| 260 |
_aCizur Menor (Navarra) _bThomson Reuters-Aranzadi _c2022 |
||
| 300 |
_a331 p. _c24 cm |
||
| 490 | 1 |
_aAranzadi Social _v71 |
|
| 500 | _aDisponible en formato electrónico mediante la aplicación PROVIEW / sin código | ||
| 504 | _aBibliografía: p. 235-259 | ||
| 541 | _cGratuito | ||
| 650 | 4 |
_ajubilación _928360 |
|
| 650 | 4 |
_ajubilación anticipada _929152 |
|
| 650 | 4 |
_aterminación de la relación de trabajo _929986 |
|
| 650 | 4 |
_apolítica de empleo _928300 |
|
| 650 | 4 |
_anegociación colectiva _928362 |
|
| 650 | 4 |
_aconvenio colectivo _928361 |
|
| 650 | 4 |
_a2006-2018 _940541 |
|
| 650 | 4 |
_aEspaña _926964 |
|
| 650 | 4 |
_aEstatuto de los Trabajadores _930784 |
|
| 650 | 4 |
_aderecho del trabajo _927165 |
|
| 650 | 4 |
_aderecho jurisprudencial _929863 |
|
| 650 | 4 |
_aderecho comunitario _929866 |
|
| 650 | 4 |
_aUE _926752 |
|
| 653 | 1 | 0 | _aDerecho del trabajo y Seguridad Social |
| 700 | 1 |
_923834 _aSempere Navarro, Antonio Vicente _ecol. |
|
| 700 | 1 |
_912907 _aGarcía Gil, María Begoña _ecol. |
|
| 830 | 0 |
_940262 _aAranzadi Social _v71 |
|
| 856 | 4 |
_uhttps://miespacio.aranzadilaley.es/Account/Login _yLegalteca |
|
| 902 | _aLIB Libro | ||
| 942 |
_2CES _cBK _h6.0.1. |
||
| 999 |
_c52585 _d52585 |
||